| 000 | 01856 a2200361 4500 | ||
|---|---|---|---|
| 001 | 23255553 | ||
| 003 | 0000 | ||
| 005 | 20251119123802.0 | ||
| 008 | 230801s2023 flu 000 0 eng | ||
| 010 | _a 2023943787 | ||
| 020 | _a9781032325040 | ||
| 035 | _a23255553 | ||
| 040 |
_aDLC _beng _erda _cDLC |
||
| 042 | _apcc | ||
| 050 | _aTP 983 .P57 | ||
| 100 | 1 |
_aPise, Viplav Hari, _eauthor. |
|
| 245 | 1 | 0 |
_aDrying of aromatic plant material for natural perfumes / _cViplav Hari Pise, Ramakant Harlalka, Bhaskar Narayan. |
| 263 | _a2312 | ||
| 264 | 1 |
_aBoca Raton : _bCRC Press, _c2024. |
|
| 300 | _aix, 104p. ill. | ||
| 336 |
_atext _btxt _2rdacontent |
||
| 337 |
_aunmediated _bn _2rdamedia |
||
| 338 |
_avolume _bnc _2rdacarrier |
||
| 490 | 0 | _aAdvances in Drying Science & Technology | |
| 504 | _aIncludes Bibliographical References and Index | ||
| 520 |
_a"Drying of Aromatic Biomass for Natural Perfumes provides readers with a deep understanding of the fascinating world of perfumery, from secretion of secondary metabolites in plant cells, to drying of the herbage, to extraction and applications. The book is organized into 4 sections: plant cell structures and role during dehydration, aromatic plants and their essential oil contents, composition and contribution towards perfumery, and dehydration and extraction technologies. This monograph serves as a handy tool for R&D, industrial, and academic researchers working in perfumery, fragrance, and food science, as well as chemical and agricultural engineering"-- _cProvided by publisher. |
||
| 650 |
_2 _v _x |
||
| 700 | 1 |
_aHarlalka, Ramakant, _eauthor. |
|
| 700 | 1 |
_aNarayan, Bhaskar, _eauthor. |
|
| 906 |
_a0 _bibc _corignew _d2 _eepcn _f20 _gy-gencatlg |
||
| 942 |
_2lcc _cBK |
||
| 999 |
_c44002 _d44002 |
||